000 00295nam a22001217a 4500
008 170619b xxu||||| |||| 00| 0 eng d
041 _aeng
080 _a32
100 _a20
101 _aSHP
245 _aOUUTINGH FIRST THINGS FIRST A DEMOCRATIC WIEW
_cSTEVENSON.A.E
942 _2udc
_cBK
999 _c18094
_d18094